Précis d'analyse filmique - 5e éd. (notice n° 1925576)
[ vue normale ]
| 000 -LEADER | |
|---|---|
| fixed length control field | 01392cam a2200145 4500500 |
| 005 - DATE AND TIME OF LATEST TRANSACTION | |
| control field | 20260329023223.0 |
| 041 ## - LANGUAGE CODE | |
| Language code of text/sound track or separate title | fre |
| 042 ## - AUTHENTICATION CODE | |
| Authentication code | dc |
| 100 10 - MAIN ENTRY--PERSONAL NAME | |
| Personal name | Goliot-Lété, Anne |
| Relator term | author |
| 245 00 - TITLE STATEMENT | |
| Title | Précis d'analyse filmique - 5e éd. |
| 260 ## - PUBLICATION, DISTRIBUTION, ETC. | |
| Name of publisher, distributor, etc. | Armand Colin,<br/> |
| Date of publication, distribution, etc. | 2020.<br/> |
| 520 ## - SUMMARY, ETC. | |
| Summary, etc. | L’analyse de films s’enseigne de l’école à l’université, et se pratique dans des contextes et selon des objectifs très variés. Ce précis vise, non à fixer un cadre rigide ou à établir une « grille » standard, mais à donner des repères et des outils. Il propose une méthodologie de l’analyse filmique, du plan unique au film entier, de la séquence aux formes brèves, à travers des éléments de réflexion générale (histoire des formes cinématographiques, outils de narratologie, enjeux de l’interprétation) et des exemples appliqués. Les œuvres d’Alfred Hitchcock, Vittorio De Sica, Claude Chabrol, Raoul Ruiz et de quelques autres jalonnent le propos de l’ouvrage, dont la vocation est avant tout de donner le goût de l’analyse de films.Cette 5e édition enrichie offre de nouvelles pistes de réflexion sur les adaptations, les films à épisodes et le rôle des personnages dans la narration. |
| 700 10 - ADDED ENTRY--PERSONAL NAME | |
| Personal name | Vanoye, Francis |
| Relator term | author |
| 856 41 - ELECTRONIC LOCATION AND ACCESS | |
| Uniform Resource Identifier | <a href="https://shs.cairn.info/precis-d-analyse-filmique--9782200628628?lang=fr&redirect-ssocas=7080">https://shs.cairn.info/precis-d-analyse-filmique--9782200628628?lang=fr&redirect-ssocas=7080</a> |
Pas d'exemplaire disponible.




Réseaux sociaux